World economic survey 1964 / (Record no. 46192)
[ view plain ]
| 000 -LEADER | |
|---|---|
| fixed length control field | 00999nam a2200265 a 4500 |
| 001 - CONTROL NUMBER | |
| control field | 46192 |
| 003 - CONTROL NUMBER IDENTIFIER | |
| rucl marc code | BD-RjUL |
| 005 - DATE AND TIME OF LATEST TRANSACTION | |
| control field | 20211209054123.0 |
| 008 - FIXED-LENGTH DATA ELEMENTS--GENERAL INFORMATION | |
| fixed length control field | 160801s1965 nyuar s i0 a0eng |
| 035 ## - SYSTEM CONTROL NUMBER | |
| System control number | (BD-RjUL)46310 |
| 040 ## - CATALOGING SOURCE | |
| Original cataloging agency | DLC |
| Language of cataloging | eng |
| Transcribing agency | DI |
| Modifying agency | BD-RjUL |
| 041 ## - LANGUAGE CODE | |
| Language code of text/sound track or separate title | eng |
| 082 04 - DEWEY DECIMAL CLASSIFICATION NUMBER | |
| Classification number | 338.9 |
| Edition number | 23 |
| Author mark and year | WOR 1965 |
| 245 10 - TITLE STATEMENT | |
| Title | World economic survey 1964 / |
| Statement of responsibility, etc. | United Nations. |
| 260 ## - PUBLICATION, DISTRIBUTION, ETC. (IMPRINT) | |
| Place of publication, distribution, etc. | New York : |
| Name of publisher, distributor, etc. | United Nations Dept. of Economic and Social Affairs, |
| Date of publication, distribution, etc. | 1965. |
| 300 ## - PHYSICAL DESCRIPTION | |
| Pagination | V.I & II : |
| Illustrations | ill ; |
| Size | 28 cm. |
| 490 ## - SERIES STATEMENT | |
| Series statement | Department of Economic and Social Affairs |
| 505 ## - FORMATTED CONTENTS NOTE | |
| Formatted contents note | Part I, Development Plans : Appraisal of targets and progress in Developing Countries. Part II, Current Economic Development |
| 650 #0 - SUBJECT ADDED ENTRY--TOPICAL TERM | |
| Topical term or geographic name as entry element | Economic history |
| Chronological subdivision | 1945- |
| Form subdivision | Periodicals. |
| 9 (RLIN) | 7995 |
| Topical term or geographic name as entry element | Internationale economie. |
| Source of heading or term | gtt |
| 9 (RLIN) | 7996 |
| 710 2# - ADDED ENTRY--CORPORATE NAME | |
| Corporate name or jurisdiction name as entry element | United Nations. |
| Subordinate unit | Department of Economic and Social Affairs. |
| 9 (RLIN) | 7997 |
| 830 ## - SERIES ADDED ENTRY--UNIFORM TITLE | |
| Uniform title | Department of Economic and Social Affairs |
| 942 ## - ADDED ENTRY ELEMENTS (KOHA) | |
| Source of classification or shelving scheme | Dewey Decimal Classification |
| Koha item type | Books |
| Lost status | Source of classification or shelving scheme | Damaged status | Not for loan | Collection code | Permanent Location | Current Location | Shelving location | Date acquired | Source of acquisition | Cost, normal purchase price | Total Checkouts | Full call number | Date last seen | Copy number | Koha item type |
|---|---|---|---|---|---|---|---|---|---|---|---|---|---|---|---|
| Dewey Decimal Classification | Non-fiction | Central Library, University of Rajshahi | Central Library, University of Rajshahi | 24/11/1967 | Sweets and zeitlinger | 44.00 | 338.9 WOR V-1&2 1965 | 01/08/2016 | C-2 | Books |